| 000 | 00625nam a2200241Ia 4500 | ||
|---|---|---|---|
| 008 | 180523s9999 xx 000 0 und d | ||
| 020 | _a981-247-130-8 | ||
| 050 | _aMAIN QP 34.5 | ||
| 050 | _b.M37 2004 | ||
| 100 | _aMarieb, Elaine N. | ||
| 245 | 0 | _aEssentials of human anatomy & physiology / | |
| 245 | 0 | _cElaine N. Marieb | |
| 250 | _a7th Edition | ||
| 260 | _aSingapore : | ||
| 260 | _bPearson Education South Asia, | ||
| 260 | _c2004 | ||
| 300 | _a587 pages : | ||
| 300 | _billustrations ; | ||
| 300 | _c26 cm. | ||
| 500 | _aIncludes index. | ||
| 650 | _aHuman physiology. | ||
| 650 | _xHuman anatamoy. | ||
| 999 |
_c357580 _d357580 |
||